-
NASH, ROBERTS . A AND WACHTER, ALFREDH
Entry Personal Name
Number of records used in: 1
001 - CONTROL NUMBER
003 - CONTROL NUMBER IDENTIFIER
005 - DATE AND TIME OF LATEST TRANSACTION
- control field:
20240831141547.0
008 - FIXED-LENGTH DATA ELEMENTS
- fixed length control field:
240831|| aca||aabn | a|a d
040 ## - CATALOGING SOURCE
- Original cataloging agency:
JRU
- Transcribing agency:
JRU
100 ## - HEADING--PERSONAL NAME
- Personal name:
NASH, ROBERTS . A AND WACHTER, ALFREDH
670 ## - SOURCE DATA FOUND
- Source citation:
Work cat.: (JRU)8611: NASH, ROBERTS . A AND WACHTER, ALFREDH, PHARMACEUTICAL PROCESS VALIDATION:AN INTERNATIONAL [VOL-129]